00266 2200109 4500001002100000005001500021035002400036245002600060260003300086300002000119990001700139YOGYA00000000009553920140823120026 0010-081400000095256 aKamus Lengkap Ekonomi a[S.L.]bGitamedia Presscs.a a383 hlm.c21 cm a3686-PD/P.04